000 00641nam a2200205 i 4500
001 135065
003 ES-MaACL
005 20240422092905.0
007 t|
008 070706s1968 sp ||||1| spa d
080 _a658.8(02)
100 1 _aThomas, R. G.
_9110043
245 1 3 _aLa dirección de ventas y los respresentantes /
_cR.G. Thomas ; [traducido por Angelina Gatell].
260 _aMadrid :
_bParaninfo,
_c1968.
300 _a230 p. :
_bil. ;
_c22 cm.
650 1 4 _aGestión de ventas.
_913118
700 1 _aGatell, Angelina,
_d1926-2017
_955956
852 _aES-MaACL
_jC-49875
_bR.66996
999 _c135065
_d135065